000 00279 a2200121 4500
001 155759
040 _cEscola São Tomás de Aquino
240 1 0 _aAnimais da fazenda
_lpor
245 1 0 _aAnimais da fazenda
440 1 _aGirassol
697 _a*LITERATURA INFANTIL
942 _cBK
999 _c155759
_d155759